Statystyki dla Dopasuj państwo według alfabetu do pytania!

Kliknij tutaj aby rozwiązać quiz!

Ogólne statystyki

  • Ten quiz został rozwiązany 47 razy
  • Średni wynik to 19 z 24

Statystyki odpowiedzi

LiteraPytanieOdpowiedź% Poprawnych
ANajwiększe państwo w Oceanii:Australia
95%
LMiała unie z Polską:Litwa
92%
ŁJedyne państwo na Ł w j. Polskim, kolor flagi to bordowy i graniczy z Litwą:Łotwa
92%
NPaństwo nordyckie, średnia temperatura to 18*C, można bezpośrednio pić wodę z kranu i większość mieszkańców mieszka na południowej stronie:Norwegia
92%
OJedyne państwo na "O", jego waluta ma wysoki kurs:Oman
92%
PTo państwo (właściwie nasze) wygrało mistrzostwa Europy w siatkówce mężczyzn:Polska
92%
JW tym kraju powstały pierwsze mangi oraz anime:Japonia
89%
RNajwiększe państwo w Azji i na świecie:Rosja
89%
UTen kraj jako pierwszy w historii wygrał mistrzostwa świata w piłce nożnej:Urugwaj
89%
WTak zwany kraj lub królestwo papieża:Watykan
89%
CProwadzi komunistyczną władze:Chiny
84%
SPolska zawsze wygrywała z tym państwem w piłkę nożna, Włochy otaczają to państwo:San Marino
84%
TTo państwo odzyskało niepodległość 20 maja 2002 r. oraz ma w nazwie "Wschodni":Timor Wschodni
84%
FNajszczęśliwszy kraj na świecie:Finlandia
81%
GKraj przy zatocę Gwinejskiej:Gwinea
81%
DTo państwo ma w swojej nazwie żeńskie imię:Dominika
76%
EMa flagę Kolumbii z swoim herbem:Ekwador
76%
ZAfrykańskie państwo, przyjazne dla turystów, które ma flagę z ptakiem oraz jego waluta to dolar amerykański:Zimbabwe
76%
IOdmiana islamu w tym państwie to "Szyizm":Iran
68%
MTurystyczne państwo wyspiarskie leżące w Azji, religia to głównie islam i grozi temu państwu zatopienie:Malediwy
68%
YTaki bonusik, jako że w j. Polskim nie ma kraju na tą literę to jaki kraj w języku angielskim zaczyna się na Y, pisz po Polsku oczywiście:Jemen
54%
HTradycyjnym sportem tego kraju jest (XD) walka kogutów:Haiti
51%
KNajlepszy kraj dla osób "LGBTQ+":Kanada
49%
BJedna z najbardziej skomplikowanych flag na świecie:Belize
27%

Rozkład punktacji

Percentyl według liczby udzielonych odpowiedzi

Procent ludzi z każdym wynikiem

Twoja historia wyników

Nie rozwiązałeś tego quizu